00621nam a2200193Ia 4500008004100000020001500041082001500056100001800071245002200089250000800111260004100119300003100160500000700191600002700198650005000225942000700275952013000282999001500412240925s9999 xx 000 0 und d a8120309448 a006.66 HEA aHearn, Donald 0aComputer Graphics a2nd aNew Delhi:bThomson Learningc,1994. axviii,1076p.bNAfOriginal aNA aEngineering Technology aComputer science, information & general works cBK 001040708ETaUITUbUITUd2001-06-27eRoyal Book Companyg552.71l0o006.66 HEApQ3736r2024-09-25 07:13:15w2024-09-25yBK c6235d6235